000 00746nam a2200229 a 4500
001 BRCA_6783
005 20190320205604.0
008 281011s1935----enk#######---#000-0#eng-#
041 _aeng
044 _aenk
050 4 _aPR1215
_b.P63 1935
245 1 0 _aPope´s own miscellany
_bbeing a reprint of Poems on several occasions, 1717, containing new poems by Alexander Pope and others
_cedited by Norman Ault.
260 _aLondres
_bNonesuch Press
_c1935
300 _axcvii, 165 p.
_c25 cm.
500 _aReproducción facsimilar del original de 1717
500 _aL110
650 1 4 _aPoesía inglesa
_916918
700 1 _aPope, Alexander
_f1688-1744.
_916919
700 1 _aAult, Norman
_f1880-1950.
_916920
902 _aGFM
942 _2lcc
_cB
999 _c6466
_d6466